000 00566nam a2200217Ia 4500
003 OSt
005 20220923230919.0
006 a|||||r|||| 00| 0
007 ta
008 Pun
024 _a306,400
037 _cTextual
040 _aARTS
_cARTS
_bPun
041 _2Pun
_aPun
082 _aO153,8NAZx, N1
100 _aਆਗ਼ਾਦ, ਕਿਰਪਾਲ ਸਿੰਘ
245 0 _aਟੋਕ - ਟਕੋਰ
260 _c1991
942 _hO153,8NAZx, N1
_cTEXL
_2CC
999 _c388186
_d388186